01482nam a22003377a 4500999001500000001000600015003000900021005001700030008004100047020001800088040003800106082002500144100003200169245004600201260013200247300002900379490001500408504006900423650006900492650006800561650006800629650005200697650004200749650003800791650003500829651005000864651004800914830004400962942001501006952012301021 c8105d810521610BD-DhUAP20220620132015.0090406s20002010enk b 001 0 eng d a9788130912790 aDLCcDLCdBD-DhUAPdBD-DhUAPbeng00a820.99171241 McL2211 aMcLeod, John,d1969-94125710aBeginning postcolonialism /cJohn McLeod. aManchester, U.K. ;aNew York :bManchester University Press :bDistributed exclusively in the USA by St. Martin's Press,c2000. axii, 274 pages ;c20 cm.1 aBeginnings aIncludes bibliographical references (pages [261]-268) and index. 0aCommonwealth literature (English)xHistory and criticism.941258 0aEnglish literaturey19th centuryxHistory and criticism.941259 0aEnglish literaturey20th centuryxHistory and criticism.941260 0aPostcolonialismzCommonwealth countries.941261 0aPostcolonialism in literature.941262 0aImperialism in literature.941263 0aColonies in literature.941264 0aCommonwealth countriesxIn literature.941265 0aDeveloping countriesxIn literature.941266 0aBeginnings (Manchester, England)94126700012ddccBK 00102ddc4070aUAPCLbUAPCLcGeneral Stacksd2022-06-20o820.99171241 McLp3010021610r2022-06-20t1w2022-06-20yBK